000 00515nam a2200181Ia 4500
003 GCL
008 140319s9999 xx 000 0 ara d
040 _aGCL /
_cGCL
082 0 4 _a239.6
_bخ ك
100 1 _aخالد محمد خالد
245 1 0 _aكما تحدث الرسول صلى الله وعلية وسلم /
_cخالد محمد خالد
300 _a506 ص
490 _a
650 0 4 _aالاسلام
650 0 4 _aالسيرة النبوية
650 0 4 _aالحديث، علوم
942 _2ddc
_cBK
999 _c48003
_d48003